Pays qui possédaient Venise à Travers l'histoire - Statistiques

Statistiques générales
  • Ce quiz a été pris 92 fois
  • Le résultat moyen est 6 sur 11
Statistiques - réponses
Période Pays % Correct
1866 - Aujourd'hui Italie
100%
1805 - 1814 Royaume d'Italie
100%
1866 2nd Empire Français
84%
1797 - 1805 Archiduché d'Autriche
69%
1814 - 1866 Empire d'Autriche
69%
697 - 1797 République de Venise
64%
535 - 537 Empire Byzantin
45%
452 - 535 Royaume Ostrogoth
28%
421 - 452 Empire Romain d'occident
21%
537 - 697 Empire Carolingien
7%
1848 - 1849 République de Saint-Marc
3%
Aucun quiz correspondant
Distribution des résultats
% des personnes avec chaque résultat
Percentile par nombre de réponses
Votre historique - résultats
Vous n’avez pas pris ce quiz